000 00309nam a22001457a 4500
008 210609b ||||| |||| 00| 0 eng d
020 _a9780324364323
041 _aeng
080 _a338
082 _a338
100 _a54
101 _aMEN
245 _aStrategic Management
_cHitt,M.A
942 _2udc
_cBK
999 _c58068
_d58068